[Event "chess.com Speed 1m+1spm 2017"]
[Site "chess.com INT"]
[Date "2017.08.03"]
[Round "1.24"]
[White "Grischuk, Alexander"]
[Black "Rapport, Richard"]
[Result "1-0"]
[WhiteTitle "GM"]
[BlackTitle "GM"]
[WhiteElo "2750"]
[BlackElo "2698"]
[WhiteFideId "4126025"]
[BlackFideId "738590"]
[EventDate "2017.05.03"]

1. e4 c5 2. Nf3 a6 3. Nc3 e6 4. d4 cxd4 5. Nxd4 b5 6. Bd3 Qb6 7. Nf3 Qc7 8. O-O
Bb7 9. Re1 Bc5 10. Qd2 Be7 11. a4 b4 12. Ne2 Nf6 13. Ng3 Nc6 14. b3 h5 15. h3 h4
16. Nf1 Ne5 17. N1h2 Bc5 18. Bb2 d6 19. Qg5 Nxf3+ 20. Nxf3 Rh6 21. Qxg7 Rg6 22.
Qh8+ Kd7 23. Qxh4 Rag8 24. Bxf6 Rxg2+ 25. Kf1 Bxf2 26. Qxf2 Rxf2+ 27. Kxf2 e5
28. Rg1 Qc5+ 29. Ke2 Rxg1 30. Rxg1 Qc8 31. h4 Kc6 32. Rg3 Qe6 33. Bg5 f6 34. Be3
Kc7 35. h5 d5 36. Rg7+ Kb8 37. h6 dxe4 38. Rxb7+ Kxb7 39. Bxe4+ Kc7 40. h7 Qh3
41. Ng1 Qg4+ 42. Kd3 Qh5 43. Kc4 f5 44. Bxf5 Qf7+ 45. Kxb4 Qe7+ 46. Bc5 Qh4+ 47.
Ka3 Kc6 48. Be3 a5 49. Kb2 e4 50. Nh3 Qf6+ 51. Kb1 Kd5 52. Ng5 Qh6 53. Nf7 Qxe3
54. h8=Q Qg1+ 55. Kb2 e3 56. Qe5+ Kc6 57. Qd6+ Kb7 58. Be4+ 1-0

[Event "chess.com Speed 1m+1spm 2017"]
[Site "chess.com INT"]
[Date "2017.08.03"]
[Round "1.25"]
[White "Rapport, Richard"]
[Black "Grischuk, Alexander"]
[Result "1-0"]
[WhiteTitle "GM"]
[BlackTitle "GM"]
[WhiteElo "2698"]
[BlackElo "2750"]
[WhiteFideId "738590"]
[BlackFideId "4126025"]
[EventDate "2017.05.03"]

1. d4 Nf6 2. Nc3 d5 3. Bf4 e6 4. e3 Bb4 5. Ne2 Nh5 6. a3 Be7 7. Be5 Nd7 8. g4
Nhf6 9. Bf4 O-O 10. Ng3 c5 11. g5 Ne8 12. h4 Bd6 13. Bxd6 Nxd6 14. Bd3 f5 15.
Nh5 b6 16. Nf4 Qe7 17. Nb5 Nxb5 18. Bxb5 Nb8 19. c3 Ba6 20. a4 Bxb5 21. axb5 a5
22. dxc5 bxc5 23. Nxd5 Qb7 24. Nf6+ gxf6 25. Rg1 fxg5 26. Rxg5+ Kh8 27. Qd6 Nd7
28. O-O-O Nf6 29. Qxe6 Qxb5 30. Rxf5 Rab8 31. b4 Qb6 32. Rd6 Qb7 33. Rxf6 Rfe8
34. Qd7 cxb4 35. Rf7 Qxd7 36. Rdxd7 b3 37. Rxh7+ Kg8 38. Rhg7+ Kh8 39. Kb2 a4
40. Rh7+ Kg8 41. Rdg7+ Kf8 42. Ra7 Kg8 43. Rhg7+ Kh8 44. Rh7+ Kg8 45. Rh5 Ra8
46. Rha5 Rxa7 47. Rxa7 1-0

[Event "chess.com Speed 1m+1spm 2017"]
[Site "chess.com INT"]
[Date "2017.08.03"]
[Round "1.26"]
[White "Grischuk, Alexander"]
[Black "Rapport, Richard"]
[Result "1-0"]
[WhiteTitle "GM"]
[BlackTitle "GM"]
[WhiteElo "2750"]
[BlackElo "2698"]
[WhiteFideId "4126025"]
[BlackFideId "738590"]
[EventDate "2017.05.03"]

1. e4 e6 2. d4 d5 3. Nc3 dxe4 4. Nxe4 Nf6 5. Bd3 Nc6 6. Nf3 Nb4 7. Bb5+ Bd7 8.
Nxf6+ gxf6 9. Bxd7+ Qxd7 10. a3 Nc6 11. O-O O-O-O 12. Be3 Rg8 13. g3 Qd5 14. b3
Qh5 15. c4 Bh6 16. Bxh6 Qxh6 17. Qd3 Nxd4 18. Nxd4 c5 19. Nf5 exf5 20. Qxf5+ Kb8
21. Qxc5 Rd3 22. Rad1 Qg6 23. b4 Qe4 24. Rxd3 Qxd3 25. Re1 Rc8 26. Qd5 Qxc4 27.
Qd6+ Ka8 28. Qxf6 Qb3 29. Re3 Qd1+ 30. Kg2 Qd5+ 31. Qf3 Qd7 32. h4 a6 33. Qe4 h6
34. Rd3 Qc7 35. Qd5 Re8 36. Rf3 Re7 37. a4 Rd7 38. Qf5 Qc6 39. b5 Qd6 40. bxa6
bxa6 41. Qe4+ Ka7 42. Rb3 Qc5 43. Qf3 f5 44. Kh2 Rf7 45. Qf4 Rc7 46. Rf3 Rf7 47.
Qxh6 Qc6 48. Qf4 Qb7 49. Re3 Ka8 50. Re8+ Ka7 51. Qd4+ Qb6 52. Ra8+ 1-0

[Event "chess.com Speed 5m+2spm 2017"]
[Site "chess.com INT"]
[Date "2017.08.23"]
[Round "1.1"]
[White "Nepomniachtchi, Ian"]
[Black "Aronian, Levon"]
[Result "1/2-1/2"]
[WhiteTitle "GM"]
[BlackTitle "GM"]
[WhiteElo "2751"]
[BlackElo "2789"]
[WhiteFideId "4168119"]
[BlackFideId "13300474"]
[EventDate "2017.05.03"]

1. c4 e5 2. Nc3 Nc6 3. Nf3 Nf6 4. g3 Bb4 5. Bg2 O-O 6. O-O e4 7. Ne1 Bxc3 8.
bxc3 d5 9. d4 exd3 10. Nxd3 dxc4 11. Nc5 Qe7 12. Ba3 Qe5 13. Qc2 Re8 14. e4 Qh5
15. f4 Bh3 16. e5 Ng4 17. Bxh3 Qxh3 18. Rae1 Rad8 19. e6 f5 20. Re2 Rd5 21. Nxb7
Rd3 22. Bc5 Nxh2 23. Rxh2 Rxg3+ 24. Rg2 Rxe6 25. Rxg3 Qxg3+ 26. Qg2 Qxc3 27. Qd5
Qg3+ 28. Kh1 Qh3+ 29. Kg1 Qg3+ 1/2-1/2

[Event "chess.com Speed 5m+2spm 2017"]
[Site "chess.com INT"]
[Date "2017.08.23"]
[Round "1.2"]
[White "Aronian, Levon"]
[Black "Nepomniachtchi, Ian"]
[Result "1-0"]
[WhiteTitle "GM"]
[BlackTitle "GM"]
[WhiteElo "2789"]
[BlackElo "2751"]
[WhiteFideId "13300474"]
[BlackFideId "4168119"]
[EventDate "2017.05.03"]

1. d4 Nf6 2. Bf4 g6 3. Nc3 d5 4. e3 Bg7 5. h4 c5 6. Nb5 Na6 7. c3 O-O 8. h5 Bd7
9. hxg6 fxg6 10. Nf3 Qb6 11. a4 Rac8 12. Be5 c4 13. b3 Bxb5 14. axb5 Qxb5 15.
bxc4 dxc4 16. Nd2 Nd5 17. Qg4 Bxe5 18. Qe6+ Kg7 19. Qxe5+ Rf6 20. g4 Kg8 21. g5
Rf5 22. Qe6+ Kg7 23. Qxc8 Qb2 24. Rb1 Qxc3 25. Qxc4 Qa5 26. Qb5 Qc3 27. Qb2 Qa5
28. Bd3 Rxg5 29. Qxb7 Nac7 30. Be4 Nf6 31. Rc1 Ncd5 32. Bxd5 Nxd5 33. Rc5 Qa1+
34. Qb1 Qa6 35. Ne4 Rf5 36. Ng3 Rg5 37. Ne2 Rf5 38. e4 Nf4 39. Nxf4 Rxf4 40. Re5
h5 41. Qc1 Rf7 42. Rg1 Qa2 43. Rg2 Kh7 44. Reg5 Qe6 45. Rxg6 Qxe4+ 46. Kf1 Rxf2+
47. Kxf2 1-0

[Event "chess.com Speed 5m+2spm 2017"]
[Site "chess.com INT"]
[Date "2017.08.23"]
[Round "1.3"]
[White "Nepomniachtchi, Ian"]
[Black "Aronian, Levon"]
[Result "1-0"]
[WhiteTitle "GM"]
[BlackTitle "GM"]
[WhiteElo "2751"]
[BlackElo "2789"]
[WhiteFideId "4168119"]
[BlackFideId "13300474"]
[EventDate "2017.05.03"]

1. c4 Nf6 2. Nc3 e5 3. Nf3 Nc6 4. g3 d5 5. cxd5 Nxd5 6. Bg2 Bc5 7. O-O O-O 8. d3
Bb6 9. Bd2 Nxc3 10. Bxc3 Re8 11. b4 Bg4 12. Nd2 Nd4 13. Bxd4 exd4 14. Re1 c6 15.
a4 a6 16. Nb3 Qf6 17. Qd2 Re7 18. h3 Be6 19. Nc5 Rae8 20. Nxe6 Qxe6 21. b5 axb5
22. axb5 c5 23. h4 g6 24. Bf3 h5 25. Kg2 Kg7 26. Ra4 Qd7 27. Qb2 Kh7 28. Rea1
Qc8 29. Qb3 Kg7 30. R1a2 Rd8 31. Qb2 Kh7 32. Qc1 Kg7 33. Qg5 Qe6 34. Bxh5 Rd5
35. Bg4 Qd6 36. Qc1 Bc7 37. Ra8 Rde5 38. Bf3 b6 39. Rc8 Re8 40. Rxe8 Rxe8 41.
Ra7 Bb8 42. Ra8 Rd8 43. h5 Bc7 44. Ra7 Bb8 45. Ra6 Qf6 46. Qh1 Rh8 47. Qh3 gxh5
48. Ra8 h4 49. Be4 hxg3 50. Qg4+ Kh6 51. f4 Bd6 52. Qh3+ 1-0

[Event "chess.com Speed 5m+2spm 2017"]
[Site "chess.com INT"]
[Date "2017.08.23"]
[Round "1.4"]
[White "Aronian, Levon"]
[Black "Nepomniachtchi, Ian"]
[Result "1-0"]
[WhiteTitle "GM"]
[BlackTitle "GM"]
[WhiteElo "2789"]
[BlackElo "2751"]
[WhiteFideId "13300474"]
[BlackFideId "4168119"]
[EventDate "2017.05.03"]

1. d4 Nf6 2. Bf4 g6 3. Nc3 d5 4. e3 Bg7 5. h4 O-O 6. h5 c5 7. hxg6 fxg6 8. dxc5
b6 9. cxb6 Qxb6 10. Rb1 Nc6 11. Nf3 Bg4 12. Be2 Rad8 13. Ne5 Bxe2 14. Nxe2 Ne4
15. Nxc6 Qxc6 16. O-O e5 17. Bh2 Rd7 18. Ng3 Nc5 19. Qd2 Rdf7 20. Rbd1 d4 21.
exd4 exd4 22. f3 Na4 23. b3 Nc3 24. Rde1 Nd5 25. Ne4 Ne3 26. Rf2 h5 27. Qd3 h4
28. Nd6 Rf6 29. Nc4 Nxc4 30. bxc4 h3 31. Re4 hxg2 32. Be5 Rf5 33. Bxg7 Kxg7 34.
Qxd4+ Kg8 35. Kxg2 Rg5+ 36. Kf1 Rh5 37. Re7 Rf7 38. Rxf7 Kxf7 39. Qxa7+ Kg8 40.
Qd4 Qb7 41. Qe4 Qb1+ 42. Ke2 Qg1 43. Qg4 Re5+ 44. Kd3 Qd1+ 45. Rd2 Qf1+ 46. Kd4
Re7 47. Qxg6+ Kf8 48. Qf6+ Ke8 49. Kc5 Qg1+ 50. Rd4 Qe3 51. Qg6+ Kf8 52. Qf5+
Ke8 53. Qf4 Qa3+ 54. Kd5 Qa8+ 55. Kc5 Qa5+ 56. Kc6 Qa6+ 57. Kc5 Qa7+ 58. Kb4
Qb6+ 59. Kc3 Qa5+ 60. Kd3 Qe1 61. Qb8+ Kf7 62. Rf4+ Kg7 63. Qf8+ Kh7 64. Rf7+
Rxf7 65. Qxf7+ Kh8 66. Qf6+ Kh7 67. Qf5+ Kh8 68. Qh5+ Kg7 69. Qg4+ Kh8 70. Qd4+
Kg8 71. c5 Qf1+ 72. Ke4 Qe2+ 73. Kd5 Qxf3+ 74. Kd6 Qf8+ 75. Kc7 Qe7+ 76. Kb6 1-0

[Event "chess.com Speed 5m+2spm 2017"]
[Site "chess.com INT"]
[Date "2017.08.23"]
[Round "1.5"]
[White "Nepomniachtchi, Ian"]
[Black "Aronian, Levon"]
[Result "1/2-1/2"]
[WhiteTitle "GM"]
[BlackTitle "GM"]
[WhiteElo "2751"]
[BlackElo "2789"]
[WhiteFideId "4168119"]
[BlackFideId "13300474"]
[EventDate "2017.05.03"]

1. c4 Nf6 2. Nc3 e5 3. Nf3 Nc6 4. g3 d5 5. cxd5 Nxd5 6. Bg2 Bc5 7. O-O O-O 8. d3
Bb6 9. Bd2 Nxc3 10. Bxc3 Re8 11. b4 Bg4 12. h3 Bh5 13. a4 a5 14. bxa5 Bxa5 15.
Bxa5 Rxa5 16. Nd2 Qd7 17. Nc4 Ra7 18. a5 Nd4 19. g4 Bg6 20. Rb1 h5 21. e3 Nc6
22. Be4 hxg4 23. Bxg6 fxg6 24. Qxg4 Qxd3 25. Rfd1 Qf5 26. Rb5 Re7 27. Rdb1 Ra6
28. Rxb7 Qxg4+ 29. hxg4 Nxa5 30. Rb8+ Kf7 31. Nd2 Nc6 32. Rc8 Ra4 33. f3 Rb4 34.
Rc1 Rb8 35. Rxb8 Nxb8 36. Ne4 Ke6 37. Kf2 Kd7 38. Kg3 Nc6 39. Rc5 Nd8 40. Rd5+
Ke8 41. Nc5 Nf7 42. Rd2 Nd6 43. Ra2 Kf7 44. Ra8 g5 45. Ra4 Kg6 46. Kf2 Re8 47.
Ra7 Re7 48. Ke2 e4 1/2-1/2

[Event "chess.com Speed 5m+2spm 2017"]
[Site "chess.com INT"]
[Date "2017.08.23"]
[Round "1.6"]
[White "Aronian, Levon"]
[Black "Nepomniachtchi, Ian"]
[Result "1-0"]
[WhiteTitle "GM"]
[BlackTitle "GM"]
[WhiteElo "2789"]
[BlackElo "2751"]
[WhiteFideId "13300474"]
[BlackFideId "4168119"]
[EventDate "2017.05.03"]

1. d4 Nf6 2. Bf4 g6 3. Nc3 d5 4. e3 Bg7 5. h4 O-O 6. h5 c5 7. hxg6 fxg6 8. dxc5
b6 9. cxb6 Qxb6 10. Rb1 Nc6 11. Nf3 Qa5 12. Nd2 Ng4 13. Nxd5 Nxf2 14. Kxf2 e5
15. Bc4 Be6 16. Ne7+ Nxe7 17. Bxe6+ 1-0

[Event "chess.com Speed 5m+2spm 2017"]
[Site "chess.com INT"]
[Date "2017.08.23"]
[Round "1.7"]
[White "Nepomniachtchi, Ian"]
[Black "Aronian, Levon"]
[Result "0-1"]
[WhiteTitle "GM"]
[BlackTitle "GM"]
[WhiteElo "2751"]
[BlackElo "2789"]
[WhiteFideId "4168119"]
[BlackFideId "13300474"]
[EventDate "2017.05.03"]

1. e4 e5 2. Nf3 Nc6 3. d4 exd4 4. Nxd4 Nf6 5. Nxc6 bxc6 6. e5 Qe7 7. Qe2 Nd5 8.
h4 f6 9. c4 Nb6 10. Rh3 fxe5 11. Nc3 d6 12. Bg5 Qe6 13. O-O-O Be7 14. Qe4 Qg6
15. Qxc6+ Bd7 16. Qxc7 Bxg5+ 17. hxg5 Bxh3 18. c5 O-O 19. cxb6 Qxg5+ 20. Rd2
Rac8 21. Qxd6 Rfd8 22. Bc4+ Kh8 23. b7 Rxd6 24. bxc8=R+ Bxc8 25. Ne4 Qxd2+ 26.
Nxd2 h5 27. Kd1 h4 28. Ke2 g5 29. f3 Kg7 30. b3 Rd4 31. Ke3 Bb7 32. Bf1 g4 33.
fxg4 Rxg4 34. Kf2 Bd5 35. a3 Rg3 36. Nf3 Bxf3 37. gxf3 Rg6 38. b4 Rc6 39. a4
Rc2+ 40. Ke3 Rc1 41. Kf2 Ra1 42. a5 Ra4 43. Kg2 Rxb4 44. Kh3 Kf6 0-1

[Event "chess.com Speed 5m+2spm 2017"]
[Site "chess.com INT"]
[Date "2017.08.23"]
[Round "1.8"]
[White "Aronian, Levon"]
[Black "Nepomniachtchi, Ian"]
[Result "1/2-1/2"]
[WhiteTitle "GM"]
[BlackTitle "GM"]
[WhiteElo "2789"]
[BlackElo "2751"]
[WhiteFideId "13300474"]
[BlackFideId "4168119"]
[EventDate "2017.05.03"]

1. d4 Nf6 2. Bf4 g6 3. Nc3 Bg7 4. e4 d6 5. Nf3 O-O 6. Be2 Nc6 7. O-O Bg4 8. d5
Bxf3 9. Bxf3 Ne5 10. Be2 Nfd7 11. a4 c6 12. a5 a6 13. Be3 cxd5 14. Nxd5 Rc8 15.
Bd4 e6 16. Ne3 Qe7 17. Ra3 Rfd8 18. c4 Qf8 19. Bc3 Nc5 20. Qb1 Nc6 21. b4 Bxc3
22. Rxc3 Qg7 23. Rfc1 Nd4 24. Bf1 Nd7 25. Rd3 Nf8 26. Rcd1 e5 27. Rc3 Nfe6 28.
Nd5 Kh8 29. Rg3 Rf8 30. Qc1 Nc7 31. Ne7 Rce8 32. Nf5 Qf6 33. Nxd4 exd4 34. Rf3
Qe5 35. Qh6 Ne6 36. Rh3 Qg7 37. Qd2 Qe5 38. Qh6 Qg7 39. Qd2 Qf6 40. Qh6 Qg7 41.
Qd2 Qf6 42. Qh6 Qg7 1/2-1/2

[Event "chess.com Speed 5m+2spm 2017"]
[Site "chess.com INT"]
[Date "2017.08.23"]
[Round "1.9"]
[White "Nepomniachtchi, Ian"]
[Black "Aronian, Levon"]
[Result "1-0"]
[WhiteTitle "GM"]
[BlackTitle "GM"]
[WhiteElo "2751"]
[BlackElo "2789"]
[WhiteFideId "4168119"]
[BlackFideId "13300474"]
[EventDate "2017.05.03"]

1. e4 e5 2. Nf3 Nc6 3. Bb5 a6 4. Ba4 Nf6 5. O-O Be7 6. d3 b5 7. Bb3 d6 8. a3 O-O
9. Nc3 Na5 10. Ba2 Be6 11. b4 Bxa2 12. Nxa2 Nb7 13. c4 bxc4 14. dxc4 a5 15. Qc2
axb4 16. axb4 Qd7 17. Bg5 Nd8 18. Nc3 Ne6 19. Bxf6 Bxf6 20. Nd5 Be7 21. b5 Rfb8
22. Qd2 Nc5 23. Qe3 Bf8 24. Nb4 f5 25. exf5 Qxf5 26. Na6 Nxa6 27. bxa6 Be7 28.
c5 Rb5 29. cxd6 Bxd6 30. Nd2 Bc5 31. Qe2 Rb4 32. Ra5 e4 33. Nb3 Rxb3 34. Qc4+
Qf7 35. Qxc5 Rb2 36. h3 h6 37. a7 Rb6 38. Rfa1 1-0

[Event "chess.com Speed 3m+2spm 2017"]
[Site "chess.com INT"]
[Date "2017.08.23"]
[Round "1.11"]
[White "Nepomniachtchi, Ian"]
[Black "Aronian, Levon"]
[Result "1-0"]
[WhiteTitle "GM"]
[BlackTitle "GM"]
[WhiteElo "2751"]
[BlackElo "2789"]
[WhiteFideId "4168119"]
[BlackFideId "13300474"]
[EventDate "2017.05.03"]

1. e4 e5 2. Nf3 Nc6 3. Bb5 a6 4. Ba4 Nge7 5. c3 g6 6. d4 exd4 7. cxd4 b5 8. Bb3
Bg7 9. O-O O-O 10. d5 Na5 11. Bc2 Nc4 12. Nc3 d6 13. Rb1 Bg4 14. h3 Bxf3 15.
Qxf3 f5 16. Bg5 h6 17. Bxe7 Qxe7 18. exf5 Nd2 19. Qg4 Nxf1 20. Kxf1 gxf5 21.
Bxf5 Qe5 22. Be6+ Kh8 23. g3 Qe3 24. Bf5 Qd2 25. Ne2 Qxd5 26. Be4 Qxa2 27. Nf4
Qc4+ 28. Bd3 Rxf4 29. Qg6 Rxf2+ 30. Kxf2 Rf8+ 31. Kg2 Qd5+ 32. Be4 Qg8 33. Rc1
c5 34. Qxd6 c4 35. Qxa6 Qf7 36. Kh1 Qd7 37. Bg2 Qd2 38. Rg1 Qxb2 39. Re1 Qc3 40.
Re6 Qxg3 41. Rxh6+ Bxh6 42. Qxh6+ Kg8 43. Bd5+ 1-0

[Event "chess.com Speed 3m+2spm 2017"]
[Site "chess.com INT"]
[Date "2017.08.23"]
[Round "1.12"]
[White "Aronian, Levon"]
[Black "Nepomniachtchi, Ian"]
[Result "0-1"]
[WhiteTitle "GM"]
[BlackTitle "GM"]
[WhiteElo "2789"]
[BlackElo "2751"]
[WhiteFideId "13300474"]
[BlackFideId "4168119"]
[EventDate "2017.05.03"]

1. d4 Nf6 2. Bf4 g6 3. Nc3 Bg7 4. e4 d6 5. Nf3 O-O 6. Be2 Nc6 7. O-O Bg4 8. d5
Bxf3 9. Bxf3 Ne5 10. Be2 Nfd7 11. a4 c6 12. a5 cxd5 13. exd5 a6 14. Ne4 Rc8 15.
c3 Nc4 16. Qb3 Nxa5 17. Qa2 b6 18. b4 Nb7 19. Qxa6 Qc7 20. Bb5 Ne5 21. Be3 Nc4
22. Bd4 Nd8 23. Rfd1 h6 24. Ra2 f5 25. Ng3 Nf7 26. Ne2 Nfe5 27. Nf4 Ra8 28. Qxa8
Rxa8 29. Rxa8+ Kh7 30. Ne6 Qb7 31. Re8 Bf6 32. Bxc4 Nxc4 33. Bxf6 exf6 34. Ra1
g5 35. h3 f4 36. Nf8+ Kg7 37. Raa8 Ne5 38. c4 b5 39. Rec8 Nf7 40. Ne6+ Kg6 41.
Rg8+ Kf5 42. Nd4+ Ke4 43. Nxb5 Kd3 44. Rgf8 Qe7 45. Rae8 Qd7 46. Rc8 Ne5 47. Rc7
Qf5 48. Nxd6 Qg6 49. Ra7 Kc3 50. Ra3+ Kb2 51. Rfa8 g4 52. hxg4 Qb1+ 53. Kh2
Nxg4+ 54. Kh3 Nxf2+ 55. Kh4 Qh1+ 56. Rh3 Qxg2 57. Raa3 Qg4# 0-1

[Event "chess.com Speed 3m+2spm 2017"]
[Site "chess.com INT"]
[Date "2017.08.23"]
[Round "1.13"]
[White "Nepomniachtchi, Ian"]
[Black "Aronian, Levon"]
[Result "1-0"]
[WhiteTitle "GM"]
[BlackTitle "GM"]
[WhiteElo "2751"]
[BlackElo "2789"]
[WhiteFideId "4168119"]
[BlackFideId "13300474"]
[EventDate "2017.05.03"]

1. e4 e5 2. Nf3 Nc6 3. Bb5 a6 4. Ba4 Nf6 5. O-O Be7 6. d3 d6 7. c3 O-O 8. Nbd2
b5 9. Bc2 d5 10. Re1 d4 11. Nb3 a5 12. a4 bxa4 13. Rxa4 Nd7 14. Rc4 Bb7 15. cxd4
Nb6 16. Rxc6 Bxc6 17. Nxe5 Bb7 18. Be3 Bb4 19. Rf1 Nd7 20. Nxd7 Qxd7 21. Bb1 a4
22. Nd2 Bxd2 23. Qxd2 Ba6 24. Ba2 Qb5 25. Bc4 Qb7 26. d5 Bxc4 27. dxc4 Qb3 28.
Rc1 a3 29. bxa3 Rxa3 30. h3 Ra2 31. Qc3 Qxc3 32. Rxc3 Re8 33. Bf4 Re7 34. c5 f6
35. f3 g5 36. Bg3 f5 37. c6 Ra8 38. exf5 Rf7 39. Rc5 Rc8 40. d6 cxd6 41. Bxd6
Rf6 42. Rd5 Rxc6 43. Be7 Rf7 44. Bxg5 h5 45. Kh2 Kh7 46. g4 hxg4 47. hxg4 Kg7
48. Kg3 1-0

[Event "chess.com Speed 3m+2spm 2017"]
[Site "chess.com INT"]
[Date "2017.08.23"]
[Round "1.14"]
[White "Aronian, Levon"]
[Black "Nepomniachtchi, Ian"]
[Result "1-0"]
[WhiteTitle "GM"]
[BlackTitle "GM"]
[WhiteElo "2789"]
[BlackElo "2751"]
[WhiteFideId "13300474"]
[BlackFideId "4168119"]
[EventDate "2017.05.03"]

1. d4 Nf6 2. Bf4 g6 3. Nc3 Bg7 4. e4 d6 5. Nf3 O-O 6. Be2 Nfd7 7. O-O e5 8. Bg5
f6 9. Be3 Nc6 10. Qd2 Kh8 11. Rad1 f5 12. exf5 Rxf5 13. dxe5 Ndxe5 14. Nxe5 Nxe5
15. Bd4 Rf8 16. f4 Nc6 17. Bxg7+ Kxg7 18. Nd5 Be6 19. Qc3+ Kg8 20. Bc4 Qd7 21.
Rfe1 Rf7 22. Rxe6 Qxe6 23. Nf6+ Rxf6 24. Bxe6+ Rxe6 25. Qb3 Re8 26. Qxb7 Ne7 27.
Qxc7 Nf5 28. Rd2 d5 29. Qxa7 d4 30. Qd7 R8e7 31. Qd5 Kg7 32. Kf2 Re1 33. Qc5
R7e4 34. a4 Rh1 35. Qc7+ Kh6 36. Re2 Ne3 37. Kf3 Re8 38. Qd7 Rf1+ 39. Rf2 Rxf2+
40. Kxf2 Nd1+ 41. Kf1 Re4 42. Qh3+ Kg7 43. Qf3 Ne3+ 44. Ke2 Re7 45. Kd3 Nf5 46.
Kd2 Ne3 47. b3 Rc7 48. Qe4 1-0

[Event "chess.com Speed 3m+2spm 2017"]
[Site "chess.com INT"]
[Date "2017.08.23"]
[Round "1.15"]
[White "Nepomniachtchi, Ian"]
[Black "Aronian, Levon"]
[Result "1-0"]
[WhiteTitle "GM"]
[BlackTitle "GM"]
[WhiteElo "2751"]
[BlackElo "2789"]
[WhiteFideId "4168119"]
[BlackFideId "13300474"]
[EventDate "2017.05.03"]

1. e4 e5 2. Nf3 Nc6 3. Bb5 a6 4. Ba4 Nge7 5. O-O g6 6. c3 Bg7 7. d4 exd4 8. cxd4
b5 9. Bc2 d5 10. exd5 Nxd5 11. Bg5 Nde7 12. Nc3 h6 13. Bh4 g5 14. Bg3 Bg4 15.
Re1 Nxd4 16. Be4 Rc8 17. Nxd4 Bxd1 18. Nc6 Bxc3 19. bxc3 Nxc6 20. Bxc6+ Kf8 21.
Raxd1 Qf6 22. Bd7 Rd8 23. Be5 Qb6 24. Bxh8 f6 25. h4 c5 26. Rd5 Kg8 27. Be6+
Kxh8 28. Bd7 Qb7 29. Bc6 Qxc6 30. Rxd8+ Kg7 31. h5 Kf7 32. Rh8 f5 33. Rh7+ Kf8
34. Ree7 Qd5 35. Rd7 1-0

[Event "chess.com Speed 3m+2spm 2017"]
[Site "chess.com INT"]
[Date "2017.08.23"]
[Round "1.16"]
[White "Aronian, Levon"]
[Black "Nepomniachtchi, Ian"]
[Result "1/2-1/2"]
[WhiteTitle "GM"]
[BlackTitle "GM"]
[WhiteElo "2789"]
[BlackElo "2751"]
[WhiteFideId "13300474"]
[BlackFideId "4168119"]
[EventDate "2017.05.03"]

1. d4 Nf6 2. Bf4 g6 3. Nc3 Bg7 4. e4 O-O 5. e5 Ne8 6. h4 d6 7. h5 dxe5 8. dxe5
Qxd1+ 9. Rxd1 Nc6 10. Nf3 Bg4 11. h6 Bh8 12. Be2 Bxf3 13. Bxf3 Bxe5 14. Bxe5
Nxe5 15. Bxb7 Rb8 16. f4 Nc4 17. Bf3 Rxb2 18. Nd5 Ned6 19. Nxe7+ Kh8 20. O-O
Rxa2 21. Rf2 a5 22. Bd5 Ra3 23. Bxc4 Nxc4 24. Rd7 Ne3 25. Rf3 Ra1+ 26. Kf2 Ng4+
27. Kg3 Nxh6 28. Rxc7 Re8 29. f5 gxf5 30. Nxf5 Rg8+ 31. Kf2 Ng4+ 32. Ke2 Re8+
33. Kd2 a4 34. Nd6 Rd8 35. Rd3 Ne5 36. Nxf7+ Nxf7 1/2-1/2

[Event "chess.com Speed 3m+2spm 2017"]
[Site "chess.com INT"]
[Date "2017.08.23"]
[Round "1.17"]
[White "Nepomniachtchi, Ian"]
[Black "Aronian, Levon"]
[Result "1/2-1/2"]
[WhiteTitle "GM"]
[BlackTitle "GM"]
[WhiteElo "2751"]
[BlackElo "2789"]
[WhiteFideId "4168119"]
[BlackFideId "13300474"]
[EventDate "2017.05.03"]

1. e4 e5 2. Nf3 Nc6 3. Bb5 a6 4. Ba4 Nf6 5. O-O Be7 6. d3 b5 7. Bb3 d6 8. a3 O-O
9. Nc3 Na5 10. Ba2 Be6 11. b4 Bxa2 12. Nxa2 Nb7 13. c4 bxc4 14. dxc4 a5 15. Be3
axb4 16. axb4 Nxe4 17. Qd5 Rxa2 18. Rxa2 Nc3 19. Qxb7 Nxa2 20. Bd2 Qb8 21. Qxb8
Rxb8 22. b5 Ra8 23. Rb1 Ra4 24. Rb2 e4 25. Nd4 Bf6 26. b6 cxb6 27. Rxb6 h6 28.
Rxd6 Rxc4 29. Nf5 Kh7 30. g3 Nb4 31. Rd7 Nc6 32. Bf4 Kg6 33. Ne3 Rc1+ 34. Kg2
Ne5 35. Bxe5 Bxe5 36. Re7 Rc5 37. Ng4 Bc3 38. h4 f5 39. Ne3 Bd4 40. Re6+ Kf7 41.
Rd6 Bxe3 42. fxe3 Re5 43. Kh3 Re6 44. Rd5 Kf6 45. g4 Re5 46. Rd6+ Ke7 47. Ra6
fxg4+ 48. Kxg4 Re6 49. Ra7+ Kf6 50. h5 Re5 51. Ra6+ Kf7 52. Ra7+ Kg8 53. Ra8+
Kh7 54. Ra4 Rg5+ 55. Kh4 Re5 56. Kg4 Kg8 57. Ra8+ Kf7 58. Ra7+ Kf6 59. Ra6+ Re6
60. Ra5 g5 61. hxg6 Kxg6 62. Kf4 h5 63. Rg5+ Kh6 64. Rg8 Rf6+ 65. Kxe4 h4 66.
Kd5 Rf5+ 67. Kd6 Rf6+ 68. Kd5 Rf5+ 69. Kd6 Rf6+ 70. Kd5 1/2-1/2

[Event "chess.com Speed 1m+1spm 2017"]
[Site "chess.com INT"]
[Date "2017.08.23"]
[Round "1.19"]
[White "Nepomniachtchi, Ian"]
[Black "Aronian, Levon"]
[Result "1-0"]
[WhiteTitle "GM"]
[BlackTitle "GM"]
[WhiteElo "2751"]
[BlackElo "2789"]
[WhiteFideId "4168119"]
[BlackFideId "13300474"]
[EventDate "2017.05.03"]

1. e4 e5 2. Nf3 Nc6 3. Bb5 a6 4. Ba4 Nf6 5. O-O Be7 6. d3 b5 7. Bb3 d6 8. a3 O-O
9. Nc3 Na5 10. Ba2 Be6 11. b4 Bxa2 12. Nxa2 Nb7 13. c4 bxc4 14. dxc4 a5 15. Qe2
Qd7 16. Bg5 Nd8 17. Nc3 Ne6 18. Bxf6 Bxf6 19. Nd5 Bd8 20. Qd2 f5 21. Nxe5 Qe8
22. exf5 Rxf5 23. Ng4 Qg6 24. Nge3 Rf7 25. f4 Qh5 26. b5 Nc5 27. Rae1 Bf6 28.
Nxf6+ gxf6 29. Nd5 f5 30. Re3 Ne4 31. Qd4 Qh4 32. Rh3 Qg4 33. Rff3 Rg7 34. Rhg3
Nxg3 35. Rxg3 1-0

[Event "chess.com Speed 1m+1spm 2017"]
[Site "chess.com INT"]
[Date "2017.08.23"]
[Round "1.20"]
[White "Aronian, Levon"]
[Black "Nepomniachtchi, Ian"]
[Result "1-0"]
[WhiteTitle "GM"]
[BlackTitle "GM"]
[WhiteElo "2789"]
[BlackElo "2751"]
[WhiteFideId "13300474"]
[BlackFideId "4168119"]
[EventDate "2017.05.03"]

1. d4 Nf6 2. Bf4 g6 3. Nc3 Bg7 4. e4 O-O 5. Nf3 d6 6. Be2 Nc6 7. O-O Bg4 8. d5
Bxf3 9. Bxf3 Na5 10. Be2 Nd7 11. Bd2 c5 12. Qe1 a6 13. Nd1 b6 14. Rb1 Nb7 15.
Ne3 b5 16. Kh1 c4 17. b3 cxb3 18. cxb3 Nbc5 19. f3 Ne5 20. Nc2 Rc8 21. Ba5 Qd7
22. Nb4 g5 23. Qd2 h6 24. Rbc1 f5 25. exf5 Qxf5 26. Nc6 Nxc6 27. dxc6 Ne6 28. c7
Nf4 29. g3 Nxe2 30. Qxe2 Rf7 31. Qe4 Qd7 32. Qb7 Be5 33. Rfd1 Bxg3 34. hxg3 Qh3+
35. Kg1 Qxg3+ 36. Kh1 Qh3+ 37. Kg1 Rxf3 38. Rd2 Rcf8 39. Rg2 R3f5 40. c8=Q Qe3+
41. Kh1 Rf4 42. Qd5+ Kh7 43. Qc2+ Kg7 44. Bc3+ e5 45. Rcg1 Rh4+ 46. Rh2 Rf2 47.
Qe2 Qxe2 48. Rxh4 Rf1 49. Bxe5+ Kf8 50. Bxd6+ Ke8 51. Qc6+ Kf7 52. Qd7+ Kg6 53.
Rg4 Rxg1+ 54. Rxg1 Qf3+ 55. Rg2 Qd1+ 56. Kh2 Qh5+ 57. Qh3 Qd1 58. Qe6+ Kh5 59.
Qe2+ 1-0